| Tag |
First Indicator |
Second Indicator |
Subfields |
| LEADER |
00000cas a2200000 4500 |
| 001 |
in00000043896 |
| 005 |
20151007065022.0 |
| 008 |
741127c19559999enkuu 0 ua0eng |
| 010 |
|
|
|a 56000472
|
| 035 |
|
|
|a (OCoLC)01089518
|
| 035 |
|
|
|9 AAE1108AM
|
| 040 |
|
|
|a DLC
|c DRB
|d OCL
|d TXA
|d UtOrBLW
|
| 049 |
|
|
|a TXAE
|c [281804]
|
| 090 |
|
|
|a TL500
|b .N6 no. 15
|
| 110 |
2 |
|
|a North Atlantic Treaty Organization.
|b Advisory Group for Aeronautical Research and Development.
|
| 245 |
1 |
0 |
|a Combustion researches and reviews.
|
| 264 |
|
1 |
|a London :
|b Butterworths Scientific Publications.
|
| 300 |
|
|
|a volumes :
|b illustrations ;
|c 26 cm.
|
| 336 |
|
|
|a text
|b txt
|2 rdacontent
|
| 337 |
|
|
|a unmediated
|b n
|2 rdamedia
|
| 338 |
|
|
|a volume
|b nc
|2 rdacarrier
|
| 362 |
0 |
|
|a 1955-
|
| 490 |
1 |
|
|a AGARDograph
|
| 500 |
|
|
|a Invited papers presented at the AGARD combustion and panel meetings.
|
| 650 |
|
0 |
|a Combustion.
|
| 650 |
|
0 |
|a Airplanes
|x Motors.
|
| 830 |
|
0 |
|a AGARDograph.
|
| 999 |
|
|
|a MARS
|
| 999 |
f |
f |
|s 83577adb-61e9-39b0-ac0b-01e51c136588
|i 2385c9bf-30e7-3330-a105-0db2d8a4b03f
|t 0
|
| 952 |
f |
f |
|p ric
|a Texas A&M University
|b Rellis Campus
|c Joint Library Facility
|d Remote Storage
|t 0
|e TL500 .N6
|h Library of Congress classification
|i unmediated -- volume
|k no.9
|l 1955
|m A14841831119
|
| 952 |
f |
f |
|p ric
|a Texas A&M University
|b Rellis Campus
|c Joint Library Facility
|d Remote Storage
|t 0
|e TL500 .N6
|h Library of Congress classification
|i unmediated -- volume
|k no.15
|l 1957
|m A14841831051
|
| 998 |
f |
f |
|a TL500 .N6
|s no.15 (1957)
|t 0
|l Remote Storage
|